Aplikácia GDPR pri činnosti rady školy: podmienky realizácie práva
Uplatňovanie GDPR v prostredí rady školy ako orgánu školskej samosprávy. Rada školy nespĺňa podmienky na to, aby mohla byť prevádzkovateľom v zmysle GDPR. Aplikácia GDPR pri výberovom konaní na obsadenie miesta riaditeľa školy alebo školského zariadenia.
Saved in:
| Main Author: | |
|---|---|
| Format: | Book Chapter |
| Language: | Slovak |
| Subjects: | |
| Tags: |
No Tags, Be the first to tag this record!
|
MARC
| LEADER | 00000naa a2200000 4500 | ||
|---|---|---|---|
| 001 | 0299140 | ||
| 005 | 20240426085352.8 | ||
| 041 | 0 | |a slo | |
| 044 | |a SK | ||
| 245 | 1 | 0 | |a Aplikácia GDPR pri činnosti rady školy: podmienky realizácie práva |c Matej Drotár |
| 520 | |a Uplatňovanie GDPR v prostredí rady školy ako orgánu školskej samosprávy. Rada školy nespĺňa podmienky na to, aby mohla byť prevádzkovateľom v zmysle GDPR. Aplikácia GDPR pri výberovom konaní na obsadenie miesta riaditeľa školy alebo školského zariadenia. | ||
| 610 | 2 | 0 | |a osoby fyzické |
| 610 | 2 | 0 | |a ochrana dát |
| 610 | 2 | 0 | |a úpravy právne |
| 610 | 2 | 0 | |a údaje osobné |
| 610 | 2 | 0 | |a spracovanie dát |
| 610 | 2 | 0 | |a samospráva |
| 610 | 2 | 0 | |a školy |
| 610 | 2 | 0 | |a GDPR |
| 100 | 1 | |a Drotár, Matej | |